In the Doab and Rohilkhand (Record no. 6472)

MARC details
000 -LEADER
fixed length control field 00603nam a2200241 a 4500
020 ## - INTERNATIONAL STANDARD BOOK NUMBER
ISBN
082 00 - DEWEY DECIMAL CLASSIFICATION NUMBER
Classification number 275.4
Author Cutter ALT
100 ## - MAIN ENTRY--AUTHOR NAME
Author name Alter, James P
245 ## - TITLE STATEMENT
Title In the Doab and Rohilkhand
Sub title North Indian Christianity 1815-1915
260 ## - PUBLICATION, DISTRIBUTION, ETC. (IMPRINT)
Place of publication Delhi
Name of publisher ISPCK
Year of publication 1986
300 ## - PHYSICAL DESCRIPTION
Number of Pages 264p
500 ## - GENERAL NOTE
General note includes index and biblioraphy
505 2# - FORMATTED CONTENTS NOTE
Formatted contents note Bibliography
650 ## - SUBJECT ADDED ENTRY--TOPICAL TERM
Topical Term Church-India
650 ## - SUBJECT ADDED ENTRY--TOPICAL TERM
Topical Term Christianity-India
942 ## - ADDED ENTRY ELEMENTS (KOHA)
Koha item type Books
Holdings
Home library Current library Date acquired Cost, normal purchase price Full call number Accession Number Koha item type
Henry Martyn Institute Library Henry Martyn Institute Library 07/18/2007 10.00 275.4 ALT 013037 E-Books
                   Copyright © 2026 | Henry Martyn Institute | Hyderabad | TS-500052 | INDIA | Implemented by hmi.edu.in
Hit-Count:

Powered by Koha